Milan AC - Tous les joueurs (2010-2020) - Statistiques

Statistiques générales
  • Ce quiz a été pris 1 166 fois
  • Le résultat moyen est 37 sur 133
Statistiques - réponses
Saisons Nationalité Joueur Nb de matchs % Correct
2010-2012, 2019-2020 Suède Zlatan Ibrahimovic 79
88%
2015-2020 Italie Gianluigi Donnarumma 178
82%
2017-2020 Côte d'Ivoire Franck Kessié 106
74%
2019-2020 Portugal Rafael Leao 31
70%
2010-2011 Italie Andrea Pirlo 17
67%
2019-2020 Italie Daniel Maldini 2
67%
2013-2014 Brésil Kaka 30
66%
2019-2020 France Théo Hernandez 33
66%
2019-2020 Algérie Ismaël Bennacer 31
65%
2011-2016 France Philippe Mexès 86
64%
2010-2011 Italie Flavio Roma 1
59%
2010-2012 Italie Alessandro Nesta 43
58%
2014-2020 Italie Davide Calabria 91
58%
2017-2020 Turquie Hakan Calhanoglu 102
58%
2017-2018 Italie Leonardo Bonucci 35
57%
2015-2020 Italie Alessio Romagnoli 156
56%
2010-2012 Italie Gennaro Gattuso 37
56%
2010-2012 Brésil Thiago Silva 60
56%
2017-2018, 2019-2020 Portugal André Silva 25
55%
2010-2019 Italie Ignazio Abate 213
54%
2013-2017 Japon Keisuke Honda 81
54%
2012-2014, 2015-2016 Italie Mario Balotelli 63
54%
2010-2013 Brésil Alexandre Pato 40
52%
2019-2020 Croatie Ante Rebic 26
52%
2010-2012 Pays-Bas Clarence Seedorf 48
52%
2019-2020 Danemark Simon Kjaer 15
52%
2012-2019 Colombie Cristian Zapata 111
50%
2010-2014 Brésil Robinho 108
50%
2010-2011 Brésil Ronaldinho 11
50%
2014-2016 France Jérémy Ménez 43
49%
2010-2012 Italie Filippo Inzaghi 13
47%
2010-2013, 2015-2016 Ghana Kevin-Prince Boateng 85
47%
2014-2020 Espagne Suso 126
47%
2017-2020 Suisse Ricardo Rodriguez 74
45%
2013-2015 France Adil Rami 39
44%
2010-2016 Italie Christian Abbiati 134
44%
2012-2018 Italie Riccardo Montolivo 129
43%
2018-2020 Pologne Krzysztof Piatek 36
42%
2011-2015 Italie Stephan El Shaarawy 82
42%
2015-2017 Colombie Carlos Bacca 70
40%
2014-2020 Italie Giacomo Bonaventura 155
40%
2012-2016 Pays-Bas Nigel de Jong 79
40%
2019-2020 Bosnie-Herzégovine Rade Krunic 15
38%
2013-2015 Ghana Michael Essien 20
37%
2018-2020 Espagne Samu Castillejo 53
36%
2018-2019 Argentine Gonzalo Higuain 15
34%
2011-2015 Ghana Sulley Muntari 70
33%
2012-2017 Sénégal Mbaye Niang 67
31%
2018-2019 France Tiémoué Bakayoko 31
31%
2014-2015 Espagne Fernando Torres 10
29%
2018-2020 Brésil Lucas Paqueta 37
28%
2010-2013 Italie Massimo Ambrosini 60
28%
2014-2016 Espagne Diego Lopez 36
27%
2011-2017 Italie Mattia De Sciglio 110
27%
2018-2020 Espagne Pepe Reina 5
27%
2017-2020 Argentine Lucas Biglia 58
26%
2018-2020 Uruguay Diego Laxalt 24
24%
2010-2012 Italie Gianluca Zambrotta 22
24%
2017-2020 Argentine Mateo Musacchio 62
24%
2016-2019 Italie Patrick Cutrone 63
24%
2012-2014 Guinée Kévin Constant 45
23%
2015-2017 Brésil Luiz Adriano 33
23%
2011-2012 Argentine Maxi Lopez 8
23%
2019-2020 Belgique Alexis Saelemaekers 13
22%
2013-2017 Italie Andrea Poli 90
22%
2015-2017 Slovaquie Juraj Kucka 59
22%
2015-2018 Italie Manuel Locatelli 48
22%
2010-2012 Pays-Bas Marc van Bommel 39
22%
2014-2016 Brésil Alex 46
21%
2017-2020 Italie Andrea Conti 37
20%
2010-2012 Italie Antonio Cassano 33
20%
2010-2013 France Mathieu Flamini 43
20%
2013-2014 Maroc Adel Taarabt 14
19%
2010-2013 Colombie Mario Yepes 38
19%
2011-2014, 2015-2016 Italie Antonio Nocerino 74
18%
2019-2020 Italie Matteo Gabbia 9
17%
2017-2020 Italie Fabio Borini 51
16%
2012-2015 Italie Giampaolo Pazzini 74
16%
2010-2014 Pays-Bas Urby Emanuelson 75
16%
2010-2015 Italie Daniele Bonera 81
15%
2016-2017 Espagne Gerard Deulofeu 17
15%
2013-2014 Italie Alessandro Matri 15
14%
2016-2017 Croatie Mario Pasalic 24
14%
2017-2018 Croatie Nikola Kalinic 31
14%
2015-2017 Italie Andrea Bertolacci 44
13%
2014-2015, 2016-2017 Italie Gabriel Paletta 44
13%
2016-2017 Paraguay Gustavo Gomez 18
13%
2010-2011 Rép. Tchèque Marek Jankulovski 5
13%
2016-2017 Argentine José Sosa 18
12%
2014-2018 Italie Luca Antonelli 53
12%
2010-2014 Italie Marco Amelia 29
12%
2016-2017 Chili Matias Fernandez 13
12%
2014-2015 Italie Mattia Destro 15
12%
2012-2013 Mali Bakaye Traoré 7
11%
2010-2013 Italie Luca Antonini 48
11%
2016-2017 Argentine Lucas Ocampos 12
11%
2013-2014 Slovénie Valter Birsa 15
11%
2011-2012 Italie Alberto Aquilani 33
10%
2016-2017 Italie Gianluca Lapadula 27
10%
2010-2011 Italie Massimo Oddo 7
10%
2011-2012 Nigeria Taye Taiwo 4
10%
2012-2013 Espagne Bojan Krkic 19
9%
2011-2013 Algérie Djamel Mesbah 9
9%
2010-2011 Italie Marco Borriello 1
9%
2014-2015 Pays-Bas Marco van Ginkel 17
9%
2010-2011 Grèce Sokratis Papastathopoulos 5
9%
2014-2016 Italie Alessio Cerci 29
8%
2019-2020 Bosnie-Herzégovine Asmir Begovic 2
8%
2013-2014 Italie Bryan Cristante 3
8%
2012-2013 Italie Francesco Acerbi 6
8%
2012-2015 Italie Cristian Zaccardo 15
7%
2015-2016, 2017-2019 Italie José Mauri 11
7%
2019-2020 Brésil Léo Duarte 6
7%
2019-2020 Italie Lorenzo Colombo 1
7%
2014-2015 Colombie Pablo Armero 8
7%
2013-2014 Italie Andrea Petagna 3
6%
2013-2014 Brésil Gabriel 7
6%
2016-2017 Argentine Leonel Vangioni 15
6%
2010-2012 Sierra Leone Rodney Strasser 4
6%
2015-2016 Brésil Rodrigo Ely 3
6%
2010-2012 Kazakhstan Alexander Merkel 7
5%
2013-2015 Italie Riccardo Saponara 8
5%
2010-2011 Espagne Didac VIla 1
3%
2019-2020 Italie Marco Brescianini 1
3%
2013-2014 Argentine Matias Silvestre 4
3%
2010-2011 Nigeria Nnamdi Oduamadi 1
3%
2014-2015 Italie Salvatore Bocchetti 9
2%
2014-2015 Italie Alessandro Mastalli 1
1%
2014-2015 Italie Davide Di Molfetta 1
1%
2017-2018 Italie Emanuele Torrasi 1
1%
2010-2011 Italie Giacomo Beretta 1
1%
2014-2015 Italie Gian Filippo Felicioli 1
1%
2010-2011 Italie Nicola Legrottaglie 1
1%
Aucun quiz correspondant
Distribution des résultats
% des personnes avec chaque résultat
Percentile par nombre de réponses
Votre historique - résultats
Vous n’avez pas pris ce quiz